Statistics for Largest Economies in 1940

Click here to take the quiz!

General Stats

  • This quiz has been taken 206 times
  • The average score is 9 of 10

Answer Stats

GDPCountry% Correct
300.539United Kingdom
100%
862.995United States
100%
374.577Germany
99%
200.840France
98%
203.781Japanese Empire
97%
154.470Italy
94%
430.314Soviet Union
92%
55.167Canada
86%
256.924British Raj
72%
80.861Dutch East Indies
26%

Score Distribution

Percentile by Number Answered

Percent of People with Each Score

Your Score History

You have not taken this quiz